| 000 | 00594nam a2200181 i 4500 | ||
|---|---|---|---|
| 001 | 144148 | ||
| 003 | ES-MaACL | ||
| 005 | 20230906200944.0 | ||
| 007 | t| | ||
| 008 | 070214s1975 sp r ||||1| spa d | ||
| 111 | 2 |
_aSimposio de Urbanismo ( _d1975. _cMadrid) _9135227 |
|
| 245 | 1 | 0 |
_aSimposio de Urbanismo : _b2-5 junio 1975 : [programa]. |
| 260 |
_aMadrid : _bGrupo Asegurador La Estrella, _c1975 ( _fGráf. Reunidas) |
||
| 300 |
_a12 h. ; _c31 cm. |
||
| 650 | 4 |
_aUrbanismo- _vCongresos y asambleas. _9174536 |
|
| 710 | 2 |
_aGrupo Asegurador La Estrella. _94504 |
|
| 852 | 4 |
_aES-MaACL _j2098-F-19 |
|
| 999 |
_c144148 _d144148 |
||